History Quiz

Random History Quiz

Timeline leading to WW2 Quiz Stats

Quiz not verified by Sporcle

Challenge
Share
Tweet
Embed
Score 0/17 Timer 20:00
0 Plays Today
year Answer % Correct
January 30, 1933Adolf Hitler is appointed Chancellor of Germany
50%
July 17 1936Spanish Civil War begins
50%
December 11 1936Italy leaves the League of Nations.
50%
March 4, 1933recent elected Franklin Delano Roosevelt sworn in as the 32nd President of America
33.3%
October 19 1933Germany leaves League of Nations
16.7%
March 20 1933first concentration camp, completed
16.7%
March 23 1933Adolf Hitler becomes a dictator of Germany.
16.7%
March 27 1933Japan leaves the League of Nations
16.7%
April 26 1933he Gestapo secret police is established in Germany
16.7%
year Answer % Correct
July 14, 1933The Nazi party becomes the official party of Germany.
16.7%
August 2 1934 Adolf Hitler makes himself Führer of Germany, becoming Head of State as well as Chancellor.
16.7%
February 6 1936 Germany hosts the 1936 Winter Olympics
16.7%
August 1, 1936Germany hosts the 1936 Summer Olympics
16.7%
December 1, 1936All males between the ages of 10-18 must join Hitler youth
16.7%
March 31, 1939The United Kingdom and France offer a guarantee of Polish independence.
16.7%
September 1 1939Germany invades Poland and begins world war 2
16.7%
September 3 1939Great Britain and France declares war on Germany
16.7%

You're not logged in!

Compare scores with friends on all Sporcle quizzes.
Sign Up with Email
OR
Log In

You Might Also Like...

Show Comments

Extras

Top Quizzes Today


Score Distribution

Your Account Isn't Verified!

In order to create a playlist on Sporcle, you need to verify the email address you used during registration. Go to your Sporcle Settings to finish the process.